000
00371nam a2200145Ia 4500
008
231129s1996||||xx |||||||||||||| ||spa||
020
_a
958-04-3414-X
040
_b
spa
082
_a
186 C568d
100
_a
Cicerón
245
0
_a
La vejez La amistad
260
_c
1996
264
_a
Bogotá Colombia : Norma
942
_2
ddc
_c
BKS
999
_c
18403
_d
18403